Centro de Documentación

Compilación de Instrumentos Internacionales sobre Derechos Humanos de las Personas en Reclusión (Record no. 136)

MARC details
000 -LEADER
campo de control de longitud fija 00767nam a2200229 i 4500
003 - IDENTIFICADOR DE NÚMERO DE CONTROL
campo de control crsjilan
005 - FECHA Y HORA DE LA ÚLTIMA TRANSACCIÓN
campo de control 20260116124109.0
008 - DATOS DE LONGITUD FIJA--INFORMACIÓN GENERAL
campo de control de longitud fija 260116b2016 mx ||||gr|||| 00| 0 spa d
020 ## - NÚMERO INTERNACIONAL ESTÁNDAR DEL LIBRO
Número Internacional Estándar del Libro 9786077292142
040 ## - FUENTE DE CATALOGACIÓN
Centro catalogador/agencia de origen crsjilan
Lengua de catalogación spa
Centro/agencia transcriptor crsjilan
Normas de descripción rda
041 0# - CÓDIGO DE IDIOMA
Código de lengua del texto/banda sonora o título independiente spa
082 0# - NÚMERO DE LA CLASIFICACIÓN DECIMAL DEWEY
Número de clasificación 341.481 086 927
Número de ítem V718c
100 1# - ENTRADA PRINCIPAL--NOMBRE DE PERSONA
Nombre de persona Villanueva, Ruth
Término indicativo de función/relación coordinadora
9 (RLIN) 181
245 1# - MENCIÓN DEL TÍTULO
Título Compilación de Instrumentos Internacionales sobre Derechos Humanos de las Personas en Reclusión
250 ## - MENCION DE EDICION
Mención de edición Primera edición
264 #1 - PRODUCCIÓN, PUBLICACIÓN, DISTRIBUCIÓN, FABRICACIÓN Y COPYRIGHT
Producción, publicación, distribución, fabricación y copyright Ciudad de México, México :
Nombre del de productor, editor, distribuidor, fabricante Comisión Nacional de los Derechos Humanos ,
Fecha de producción, publicación, distribución, fabricación o copyright 2016
300 ## - DESCRIPCIÓN FÍSICA
Extensión 363 páginas ;
Dimensiones 22 cm
336 ## - TIPO DE CONTENIDO
Fuente rdacontent
Término de tipo de contenido texto
337 ## - TIPO DE MEDIO
Fuente rdamedia
Nombre/término del tipo de medio sin mediación
338 ## - TIPO DE SOPORTE
Fuente rdacarrier
Nombre/término del tipo de soporte volumen
942 ## - ELEMENTOS DE ENTRADA SECUNDARIOS (KOHA)
Fuente de la clasificación o esquema de estantería Clasificación Decimal Dewey
Suprimir en OPAC
Tipo de ítem Koha Libros
Holdings
Estatus retirado Estado de pérdida Fuente de la clasificación o esquema de estantería Estado de daño No para préstamo Biblioteca de origen Biblioteca actual Ubicación en estantería Fecha de adquisición Total de préstamos Código de barras Visto por última vez Precio de reemplazo Tipo de ítem Koha
    Clasificación Decimal Dewey     Centro de Documentación Centro de Documentación Colección general 16/01/2026   00153 16/01/2026 16/01/2026 Libros